Normal view MARC view
  • PHARMACY

Entry Topical Term

Number of records used in: 1

001 - CONTROL NUMBER

  • control field: 7481

003 - CONTROL NUMBER IDENTIFIER

  • control field: OSt

005 - DATE AND TIME OF LATEST TRANSACTION

  • control field: 20230119110555.0

008 - FIXED-LENGTH DATA ELEMENTS

  • fixed length control field: 230119|| aca||aabn | a|a d

040 ## - CATALOGING SOURCE

  • Original cataloging agency: OSt
  • Transcribing agency: OSt

150 ## - HEADING--TOPICAL TERM

  • Topical term or geographic name as entry element: PHARMACY
  • General subdivision: D.PHARMA & B.PHARMACY

670 ## - SOURCE DATA FOUND

  • Source citation: Work cat.: (OSt)6048: GARG, KRISHNA AND JOSHI, MEDHA. / SARAN, MEENAKSHI, SARAN 5146, ANATOMY AND PHYSIOLOGY :THEORY AND PRACTICAL FOR DIPLOMA IN PHARMACY STUDENTS